| 000 | 00667nam a2200193 i 4500 | ||
|---|---|---|---|
| 001 | 154701 | ||
| 003 | ES-MaACL | ||
| 005 | 20230906205825.0 | ||
| 008 | 981221s1862 fr |||| | fre d | ||
| 245 | 0 | 3 |
_aLe gouvernement temporel des papes jugé par la diplomatie française: _brecueil de documents / _cpar M. Em. Hubaine. |
| 250 | _aDeuxième édition. | ||
| 260 |
_aParis : _bE. Dentu, _c1862 ( _fImp. de L. Tinterlin et Cie.) |
||
| 300 |
_aVIII, 152 p. ; _c25 cm. |
||
| 597 | _aAntep. | ||
| 650 | 4 |
_aPapas- _xPoder temporal. _9153316 |
|
| 650 | 4 |
_aCuestión romana. _9149871 |
|
| 700 | 1 |
_aHubaine, Émile. _9171074 |
|
| 852 |
_aES-MaACL _jG-9971 _z- Enc. hol. |
||
| 999 |
_c154701 _d154701 |
||